000 00269nam a2200097Ia 4500
001 713132
005 20250826162840.0
008 250824s9999 xx 000 0 und d
245 0 _aPARADOKYA ADALET YILDIZI VE KAYIP PUSULA
_cCEM GÜLBENT
260 _bGENÇ TİMAŞ YAYINLARI
999 _c713132
_d713132